Mŕtve more v strednej Európe

Podrobná bibliografia
Médium: Článok
Jazyk:slovenčina
Fyzický popis:Fotogr.
ISSN:0231-7303
Predmet:

MARC

LEADER 00000nab a2200000 a 4500
001 vtls010252538
003 SK-MaSNL
005 20260303092843.0
008 11030222c2005 xo o e sl
035 |a SVKKK000054910 
038 |a SVKKK 
040 |a SVKKK  |b slo  |c SVKKK  |e AACR2 
041 0 |a slo 
044 |a xo  |c SK 
080 |a 725.743  |2 1997 
245 0 0 |a Mŕtve more v strednej Európe  |c [autor] za rozhovor ďakuje redakcia 
300 |b Fotogr. 
650 0 7 |a termálne kúpaliská  |z Podhájska (Slovensko)  |2 snkbucl  |9 1103112 
773 0 |t Slovensko  |x 0231-7303  |g Roč. 27, č. 1-2 (2005), s. 41-42 
852 |a SVKKK  |b BIB 
958 |a NZ 
999 |c 1813448  |d 1815378